Jamu : the ancient Indonesian art of herbal healing.
| Main Author: | |
|---|---|
| Format: | Book |
| Published: |
[S.l]:
Periplus,
[2001].
|
| Subjects: |
| LEADER | 00450cam a2200169 7i4500 | ||
|---|---|---|---|
| 001 | 0000018795 | ||
| 005 | 20070207090000.0 | ||
| 020 | 0 | 0 | |a 962-593-503-7 |
| 090 | 0 | 0 | |a P 615.32120 |b JAN |
| 100 | 1 | 0 | |a Jane Beers |
| 245 | 1 | 0 | |a Jamu : |b the ancient Indonesian art of herbal healing. |
| 260 | 0 | 0 | |a [S.l]: |b Periplus, |c [2001]. |
| 300 | # | # | |a 192 p. |
| 650 | 0 | 0 | |a Herbs |
| 650 | 0 | 0 | |a Traditional medicine |
| 651 | 0 | 0 | |a Indonesia |
| 999 | |a B000019718 |b Book |c Products |e BICplus | ||


